Godzilla Kaiju class - Statistics

General Stats
  • This quiz has been taken 85 times
  • The average score is 4 of 10
Answer Stats
Hint Answer % Correct
who is Godzilla's enemy that is a robot mechagodzilla
77%
who is Godzilla's main enemy with three heads King ghidorah
71%
what is his main form of attack atomic breath
65%
What type of dinosaur was he Godzillasaurus
63%
what is the first era Showa era
40%
what is his normal height 100 meters
38%
what is the final era monsterverse
33%
when did humans discover the godzillasaurus 1940s
21%
What does he have on back dorsal fins
21%
what was he mutated by H bomb
10%
No matching quizzes found
Score Distribution
Percent of People with Each Score
Percentile by Number Answered
Your Score History
You have not taken this quiz